00383 2200157 4500001002100000005001500021035002000036245003200056100002200088300002800110260003100138082000800169084001400177020002200191990001200213INLIS00000000000309620250930114736 a0010-09250004431 aJoshua /cJoseph F. Girzone0 aJoseph F. Girzone a358 hlm ;c13,5 x 20 cm aJakarta :bGramedia,c2012 a813 a813 JOS j a978-979-22-9117-9 a0755530